000 00243nam a22001217a 4500
040 _cSK
082 _a001
100 _aCHAY KONGKRUY
245 _aResearch methode in agroindustry
260 _aRUA
_bCHA
_c2012
300 _a191p.
942 _cEK
999 _c8596
_d8596